000 00863nam a2200253 i 4500
001 bg
245 0 0 _aRachunkowość dla menedżerów /
_cpod red. Antoniego Kożucha ; [poszczeg. rozdz. oprac. Ryta Iwona Dziemianowicz et al.].
260 _aBiałystok :
_bWydaw. PB,
_c2002.
300 _a210 s. :
_bil., err. ;
_c23 cm.
490 1 _aRozprawy Naukowe / Politechnika Białostocka,
_x0867-096X ;
_vnr 91
504 _aBibliogr.
650 9 _aDecyzje
_xgospodarka
650 9 _aPrzedsiębiorstwo
_xekonomika
650 9 _aRachunkowość
655 _aPodręczniki
700 1 _aKOŻUCH, Antoni.
_eRed.
700 1 _aDZIEMIANOWICZ, Ryta Iwona.
_eOprac.
830 0 _aRozprawy Naukowe (Politechnika Białostocka) ;
_vnr 91
040 _cBPK
041 0 _apol
080 _a657:658.1/.5.012](07)
942 _cKS
008 s pl f |000 0 pol
999 _c43099
_d43099
856 _uhttp://koha.tu.koszalin.pl/cgi-bin/koha/opac-detail.pl?biblionumber=43099
_yKatalog online BPK